Incorporating singing as a tool for teaching phrasing among piano teachers in Klang Valley Malaysia /
محفوظ في:
| المؤلف الرئيسي: | |
|---|---|
| التنسيق: | أطروحة كتاب |
| اللغة: | English |
| منشور في: |
2021.
|
| الموضوعات: | |
| الوصول للمادة أونلاين: | http://studentsrepo.um.edu.my/14561/ |
| الوسوم: |
إضافة وسم
لا توجد وسوم, كن أول من يضع وسما على هذه التسجيلة!
|
| LEADER | 01423nam a2200349 i 4500 | ||
|---|---|---|---|
| 001 | u1155848 | ||
| 003 | SIRSI | ||
| 005 | 202205261537 | ||
| 008 | 220526s2021 my a m 000 0 eng | ||
| 043 | |a a-my--- | ||
| 040 | |a UMM |d AUM |e rda | ||
| 090 | |a PN2037 |b A2 UM 2021 Ng | ||
| 100 | 1 | |a Ng, Weng Seng, |e author. | |
| 245 | 1 | 0 | |a Incorporating singing as a tool for teaching phrasing among piano teachers in Klang Valley Malaysia / |c Ng Weng Seng. |
| 264 | 1 | |c 2021. | |
| 300 | |a xiii, 185 leaves : |b illustrations ; |c 30 cm | ||
| 336 | |a text |2 rdacontent | ||
| 337 | |a unmediated |2 rdamedia | ||
| 338 | |a volume |2 rdacarrier | ||
| 502 | |b M.A.Perform.Arts |c Pusat Kebudayaan, Universiti Malaya |d 2021. | ||
| 504 | |a Bibiliography: leaves 94-97. | ||
| 530 | |a Also issued in CD. | ||
| 650 | 0 | |a Music |x Interpretation (Phrasing, dynamics, etc.) |z Malaysia. | |
| 650 | 0 | |a Singing |z Malaysia. | |
| 650 | 0 | |a Piano |x Methods |z Malaysia. | |
| 650 | 0 | |a Piano |x Instruction and study |z Malaysia. | |
| 710 | 2 | |a Universiti Malaya. |b Pusat Kebudayaan, |e degree granting institution. | |
| 856 | 4 | 1 | |u http://studentsrepo.um.edu.my/14561/ |
| 900 | |a FNM US | ||
| 596 | |a 1 25 | ||
| 999 | |a PN2037 A2 UM 2021 NG |w LC |c 1 |i A517729517 |d 12/8/2022 |e 12/8/2022 |f 27/6/2022 |g 1 |l STACKS |m P01UTAMA |n 1 |r Y |s Y |t TESIS |u 27/6/2022 |1 AHSS | ||
| 999 | |a PN2037 A2 UM 2021 NG |w LC |c 1 |i A517729891 |f 3/8/2022 |g 1 |l STACKS |m P25UMARCHI |r N |s Y |t CD |u 3/8/2022 |1 AHSS |o .STAFF. MST-CD2498 | ||
